MLB Baseball Best Paid Player Into Spring Training 2021 - Statistics

General Stats
  • This quiz has been taken 263 times
  • The average score is 17 of 30
Answer Stats
Team Player Position % Correct
Atlanta Braves Freddie Freeman Inf
86%
Los Angeles Angels Mike Trout OF
81%
Boston Red Sox Chris Sale P
79%
Philadelphia Phillies Bryce Harper OF
76%
New York Yankees Gerrit Cole P
75%
New York Mets Jacob deGrom P
74%
Cincinnati Reds Joey Votto Inf
74%
Cleveland Indians Jose Ramirez Inf
73%
Arizona Diamondbacks Madison Bumgarner P
73%
San Diego Padres Manny Machado Inf
71%
Detroit Tigers Miguel Cabrera Inf
67%
Colorado Rockies Charlie Blackmon OF
66%
Houston Astros Zack Greinke P
65%
Washington Nationals Stephen Strasburg P
64%
St. Louis Cardinals Nolan Arenado Inf
63%
Chicago Cubs Jason Heyward OF
59%
Toronto Blue Jays George Springer OF
57%
Los Angeles Dodgers Trevor Bauer P
57%
Seattle Mariners Kyle Seager Inf
53%
Baltimore Orioles Chris Davis Inf
52%
Texas Rangers Khris Davis OF
52%
Milwaukee Brewers Lorenzo Cain OF
52%
San Francisco Giants Buster Posey Inf
47%
Chicago White Sox Yasmani Grandal Inf
45%
Minnesota Twins Josh Donaldson Inf
42%
Miami Marlins Starling Marte OF
42%
Pittsburgh Pirates Gregory Polanco OF
30%
Kansas City Royals Danny Duffy P
29%
Tampa Bay Rays Kevin Kiermaier OF
28%
Oakland Athletics Elvis Andrus Inf
19%
No matching quizzes found
Score Distribution
Percent of People with Each Score
Percentile by Number Answered
Your Score History
You have not taken this quiz